Les coéquipiers de Kroos avec la Nationalmannschaft - Statistiques

Statistiques générales
  • Ce quiz a été pris 47 fois
  • Le résultat moyen est 29 sur 106
Statistiques - réponses
Première sélection Joueur Nombre de matchs Poste % Correct
2 juin 2009 Manuel Neuer 85 G
100%
3 mars 2010 Thomas Müller 87 A
93%
18 février 2004 Philipp Lahm 38 D
91%
10 octobre 2009 Jérôme Boateng 60 D
80%
13 mai 2010 Mats Hummels 64 D
80%
24 mars 2001 Miroslav Klose 31 A
80%
25 mars 2021 Jamal Musiala 11 M
75%
29 mai 2016 Joshua Kimmich 43 M/D
75%
26 mai 2012 Marc-André ter Stegen 12 G
73%
11 février 2009 Mesut Özil 64 M
73%
13 novembre 2015 Leroy Sané 25 A
70%
5 septembre 2009 Sami Khedira 54 M
70%
7 février 2007 Mario Gómez 33 A
66%
6 juin 2004 Bastian Schweinsteiger 32 M
64%
11 octobre 2011 İlkay Gündoğan 34 M
64%
7 octobre 2011 Marco Reus 31 M
64%
2 septembre 2021 Florian Wirtz 8 M
61%
11 novembre 2016 Serge Gnabry 15 A
61%
17 novembre 2010 Mario Götze 46 M
57%
16 novembre 2022 Niclas Füllkrug 8 A
57%
9 septembre 2018 Kai Havertz 18 M/A
55%
17 novembre 2010 André Schürrle 44 A
52%
13 mai 2014 Antonio Rüdiger 33 D
52%
4 septembre 2015 Emre Can 24 M
52%
31 août 2016 Niklas Süle 16 D
50%
13 mai 2014 Leon Goretzka 16 M
48%
6 juin 2004 Lukas Podolski 40 A
48%
6 juin 2017 Kevin Trapp 3 G
45%
26 mars 2016 Jonathan Tah 13 D
43%
28 avril 1999 Michael Ballack 1 M
36%
29 mai 2011 Benedikt Höwedes 34 D
34%
29 mai 2016 Bernd Leno 2 G
34%
9 octobre 2004 Per Mertesacker 31 D
34%
26 mai 2012 Julian Draxler 35 M
32%
26 mars 2022 Nico Schlotterbeck 3 D
32%
9 septembre 2018 Thilo Kehrer 6 D
32%
5 septembre 2021 David Raum 5 D
27%
29 mai 2016 Julian Brandt 16 M
27%
21 novembre 2023 Robert Andrich 8 M
27%
22 mars 2017 Timo Werner 27 A
25%
14 novembre 2014 Jonas Hector 28 D
23%
11 novembre 2016 Benjamin Henrichs 4 D
20%
13 mai 2014 Kevin Volland 7 A
20%
17 novembre 2010 Marcel Schmelzer 12 D
20%
5 mars 2014 Matthias Ginter 27 D
20%
23 mars 2024 Maximilian Mittelstädt 7 D
20%
13 mai 2014 Christoph Kramer 7 M
18%
29 mai 2016 Julian Weigl 2 M
18%
6 septembre 2011 Lars Bender 10 M
18%
13 mai 2014 Shkodran Mustafi 9 D
18%
29 mars 2011 Sven Bender 4 M
18%
11 octobre 2014 Karim Bellarabi 7 A
16%
20 mars 2019 Lukas Klostermann 6 D
16%
10 novembre 2017 Marcel Halstenberg 4 D
16%
3 septembre 2020 Robin Gosens 8 M/D
16%
13 mai 2014 Sebastian Rudy 11 M
16%
11 février 2009 Andreas Beck 3 D
14%
6 juin 2017 Marvin Plattenhardt 4 D
14%
9 septembre 2023 Pascal Groß 3 M
14%
19 novembre 2013 Roman Weidenfeller 4 G
14%
16 décembre 2004 Christian Schulz 1 D
11%
29 mai 2010 Holger Badstuber 22 D
11%
29 mai 2013 Max Kruse 9 A
11%
9 septembre 2018 Nico Schulz 6 D
11%
29 mai 2013 Sidney Sam 3 A
11%
21 août 2002 Arne Friedrich 10 D
9%
29 mai 2009 Cacau 14 A
9%
23 mars 2024 Deniz Undav 2 A
9%
7 octobre 2020 Florian Neuhaus 1 M
9%
13 mai 2010 Kevin Großkreutz 4 D
9%
6 juin 2017 Lars Stindl 4 M
9%
3 septembre 2005 Marcell Jansen 8 D
9%
3 juin 2024 Maximilian Beier 1 A
9%
11 novembre 2020 Philipp Max 1 D
9%
6 juin 2017 Sandro Wagner 3 A
9%
14 octobre 2023 Chris Führich 3 A
7%
13 mai 2014 Christian Günter 1 D
7%
13 mai 2010 Dennis Aogo 8 D
7%
1 juin 2014 Erik Durm 7 D
7%
7 juin 2000 Hans Jörg Butt 1 G
7%
6 février 2008 Heiko Westermann 6 D
7%
17 novembre 2010 Lewis Holtby 2 M
7%
7 octobre 2006 Piotr Trochowski 4 M
7%
11 octobre 2008 René Adler 3 G
7%
9 octobre 2019 Robin Koch 3 D
7%
11 novembre 2011 Ron-Robert Zieler 2 G
7%
20 août 2008 Serdar Taşçı 5 D
7%
28 mars 2007 Stefan Kießling 2 A
7%
19 novembre 2008 Tim Wiese 4 G
7%
23 mars 2024 Waldemar Anton 2 D
7%
18 novembre 2009 Aaron Hunt 1 M
5%
19 novembre 2008 Marcel Schäfer 1 D
5%
27 mai 2008 Marko Marin 6 M
5%
13 octobre 2018 Mark Uth 1 A
5%
13 mai 2014 Max Meyer 1 M
5%
2 juin 2018 Nils Petersen 1 A
5%
28 mars 2007 Simon Rolfes 4 M
5%
9 octobre 2004 Thomas Hitzlsperger 1 M
5%
29 mai 2009 Christian Gentner 1 M
2%
2 juin 2009 Christian Träsch 8 M
2%
9 octobre 2019 Luca Waldschmidt 2 A
2%
9 octobre 2019 Nadiem Amiri 1 M
2%
19 novembre 2019 Niklas Stark 1 D
2%
28 mars 2007 Patrick Helmes 1 A
2%
11 août 2010 Sascha Riether 1 D
2%
9 octobre 2019 Suat Serdar 2 M
2%
Aucun quiz correspondant
Distribution des résultats
% des personnes avec chaque résultat
Percentile par nombre de réponses
Votre historique - résultats
Vous n’avez pas pris ce quiz